Brazília

Bibliographic Details
Format: Article
Language:Slovak
ISSN:0139-8962
Subjects:

MARC

LEADER 00000nab a2200000 a 4500
001 vtls010628176
003 SK-MaSNL
005 20260304040835.0
008 141015 2014xo m 000 0 slo
015 |a SNBBRB 2014/10 
038 |a KEKMK 
040 |a KEKMK  |b slo  |c KEKMK  |e AACR2 
041 |a slo 
044 |a xo  |c SK 
245 0 0 |a Brazília 
650 0 7 |a literatúra pre deti a mládež  |2 kekmk  |9 21893 
651 7 |a Brazília  |2 kekmk  |9 28213 
773 |t Zornička  |b časopis pre malých školákov  |g Roč. 66, č. október 2014, s.10-11  |x 0139-8962 
958 |a DB 
999 |c 2665249  |d 2667179